Žiť na výšinách mysle, citu a svedomia

Bibliographic Details
Main Authors: Rasputin, Valentin Grigor'jevič, 1937-2015 (Author), Dvořáková-Žiaranová, Ružena, 1930-2017 (Author)
Format: Article
Language:Slovak
PhysicalDescription:Obr. 1.
Subjects:

MARC

LEADER 00000nab a2200000 a 4500
001 vtls000377881
003 SK-MaSNL
005 20260304225523.0
008 140422c1990 xo 0 slo
015 |a SNBRB19rr/mm-uuuuu 
035 |a CL0378003 
040 |a SNKBUCL  |b slo  |c SNKBUCL  |e AACR2 
041 0 |a slo 
044 |a xo  |c SK 
080 |a 301.17(47)  |2 1981 
080 |a 504.06  |2 1981 
080 |a 323.15(47)  |2 1981 
100 1 |a Rasputin, Valentin Grigor'jevič,  |d 1937-2015  |4 aut  |9 165966 
245 1 0 |a Žiť na výšinách mysle, citu a svedomia  |c Valentin Rasputin, Ružena Dvořáková-Žiaranová 
300 |b Obr. 1. 
650 0 7 |a životné prostredie  |2 snkbucl  |9 786 
650 0 7 |a vzťahy národnostné  |2 snkbucl  |9 923221 
651 7 |a Sovietsky zväz  |2 snkbucl  |9 22126 
655 7 |a články z novín a časopisov  |2 snkbucl  |9 267496 
700 1 |a Dvořáková-Žiaranová, Ružena,  |d 1930-2017  |4 aut  |9 223959 
773 0 |t Literárny týždenník  |g Roč. 3, č. 12 (1990), s. 9 
850 |a Slovenská národná knižnica v Martine  |a MTA001 
852 |a SNK  |b KIS3GCP 
958 |a RK 
958 |a SU 
999 |c 3178021  |d 3179951